Countries with Tour de France wins - Statistics

General Stats
  • This quiz has been taken 150 times
    104 since last reset
  • The average score is 13 of 15
Answer Stats
# Country % Correct
36 France
100%
10 Italy
98%
12 Spain
98%
18 Belgium
95%
6 United Kingdom
93%
3 United States
93%
1 Germany
90%
2 Netherlands
90%
2 Denmark
85%
1 Australia
84%
2 Slovenia
84%
1 Ireland
83%
5 Luxembourg
83%
1 Colombia
81%
2 Switzerland
78%
No matching quizzes found
Score Distribution
Percent of People with Each Score
Percentile by Number Answered
Your Score History
You have not taken this quiz since the last reset